Learning Japanese : textbook for beginners /
"This book is designed for beginners and those who want to learn the Japanese language step by step. It helps you learn grammar and acquire communication competence in real situations, such as meeting someone for the first time, asking for directions, going shopping, telling time, using transpo...
| Materyal Türü: | Kitap |
|---|---|
| Dil: | English Japanese |
| Baskı/Yayın Bilgisi: |
England :
Just Reality,
2024.
|
| Edisyon: | First edition. |
| Konular: | |
| Classic Catalogue: | View this record in Classic Catalogue |
| LEADER | 02594nam a22003257a 4500 | ||
|---|---|---|---|
| 001 | 45069 | ||
| 003 | BD-DhAAL | ||
| 005 | 20251116115248.0 | ||
| 008 | 251112t2024 enga|||| |||| 00| 0 eng d | ||
| 020 | |a 9784991267222 | ||
| 040 | |a BD-DhAAL |c BD-DhAAL | ||
| 041 | |a eng |a jpn | ||
| 082 | |a 495.682421 |2 23 | ||
| 245 | |a Learning Japanese : |b textbook for beginners / | ||
| 250 | |a First edition. | ||
| 260 | |a England : |b Just Reality, |c 2024. | ||
| 300 | |a 390 pages : |b black and white illustrations ; |c 28 cm | ||
| 500 | |a "Learn Japanese Effectively, Step by Step" --Front cover. | ||
| 500 | |a "Expanded Edition" --Front cover. | ||
| 500 | |a "5 books in 1" --Front cover. | ||
| 520 | |a "This book is designed for beginners and those who want to learn the Japanese language step by step. It helps you learn grammar and acquire communication competence in real situations, such as meeting someone for the first time, asking for directions, going shopping, telling time, using transportation, making hotel reservations, counting numbers, discussing family members, eating out, and more. Split into four sections and 20 units, it will give you knowledge of Japan's past, culture, and traditional way of life, as well as the unique idiosyncrasies of the Japanese people and fascinating facts about modern-day Japan." --Amazon. | ||
| 526 | |a CSE |x Annajiat Alim Rasel Senior Lecturer Department of Computer Science and Engineering BRAC University Course Name : Japanese Language and General for ITEE (JPN 101) | ||
| 541 | |a Book Finder International |e 45069, 45070 | ||
| 650 | |a Japanese language |v Textbooks for foreign speakers |x English. |9 59285 | ||
| 650 | |a Japanese language |x Study and teaching. | ||
| 710 | |a Just Reality, |e publisher. |9 59824 | ||
| 942 | |2 ddc |c BK | ||
| 999 | |c 47635 |d 47635 | ||
| 952 | |0 0 |1 0 |2 ddc |4 0 |6 495_682421000000000_LER |7 0 |9 78479 |a BRACUL |b BRACUL |c NEW |d 2025-11-04 |e Book Finder International |g 6586.00 |l 2 |o 495.682421 LER |p 3010045068 |r 2026-02-17 |s 2026-02-05 |t 1 |v 13172.00 |w 2025-11-04 |y BK |x Requisitioned by Annajiat Alim Rasel (Senior Lecturer, Department of Computer Science and Engineering, BRAC University) for the course named - 'Japanese Language and General for ITEE (JPN 101)' | ||
| 952 | |0 0 |1 0 |2 ddc |4 0 |6 495_682421000000000_LER |7 0 |9 78480 |a BRACUL |b BRACUL |c GEN |d 2025-11-04 |e Book Finder International |g 6586.00 |l 0 |o 495.682421 LER |p 3010045069 |r 2025-11-04 |t 2 |v 13172.00 |w 2025-11-04 |y BK |x Requisitioned by Annajiat Alim Rasel (Senior Lecturer, Department of Computer Science and Engineering, BRAC University) for the course named - 'Japanese Language and General for ITEE (JPN 101)' | ||